Polscy medaliści Halowych Mistrzostw Świata 2026 w Toruniu - Statystyki

Ogólne statystyki
  • Ten quiz został rozwiązany 17 razy
  • Średni wynik to 4 z 7
Statystyki odpowiedzi
Medal Konkurencja Lekkoatleta % Poprawnych
Srebro Bieg na 400 metrów Natalia Bukowiecka
88%
Złoto Bieg na 60 metrów przez płotki Jakub Szymański
81%
Bieg na 60 metrów przez płotki Pia Skrzyszowska
81%
Justyna Święty-Ersetic
75%
Brąz Sztafeta 4 × 400 metrów Kajetan Duszyński
44%
Anna Gryc
38%
Marcin Karolewski
25%
Nie znaleziono quizów pasujących do podanych kryteriów
Rozkład punktacji
Procent ludzi z każdym wynikiem
Percentyl według liczby udzielonych odpowiedzi
Twoja historia wyników
Nie rozwiązałeś tego quizu